000
00314nam a22001337a 4500
008
181010b xxu||||| |||| 00| 0 eng d
020
_a
9780306447990
041
_a
eng
080
_a
159.9
100
_a
48
101
_a
PSI
245
_a
Advances in Clinical Child Psychologt
_c
Ollendick,Th.H
942
_2
udc
_c
BK
999
_c
49289
_d
49289